Вибрані твори (Запис № 580074)

МАРК-запис
000 -Лідер
fixed length control field 01424 a2200241 4500
001 - Контрольний номер
control field 2162214035926662
003 - Ідентифікатор контрольного номера
control field UA-OsUOA
005 - Дата та час останнього входження (трансакції)
control field 20260331093648.0
008 - Елементи даних фіксованої довжини – загальна інформація
fixed length control field 260313b un a|||| |||| 00| f ukr d
040 ## - Джерело каталогізації
Агенція оригінальної каталогізації UA-OsUOA
Мова каталогізації ukr
Агенція, яка здійснювала перезапис UA-OsUOA
Агенція, яка здійснювала модифікацію UA-OsUOA
041 ## - Код мови
Код мови тексту/ звукової доріжки чи окремого заголовка (П) ukr
080 ## - Індекс Універсальної десяткової класифікації
Індекс Універсальної десяткової класифікації (УДК) (НП) 821.161.2
090 ## - Локальний шифр розміщення
Класифікаційний індекс УДК 821.161.2
Авторський знак (НП) Ч-46
100 ## - Основне введення – ім’я особи
Ім’я особи (НП) Чередниченко В.
9 (RLIN) 24460
245 ## - Відомості про назву
Назва (НП) Вибрані твори
Дані про відповідальність (НП) Варвара Чередниченко
260 ## - Публікація, розповсюдження і т.п. (Вихідні дані)
Місце публікації, розповсюдження і т.п. (П) Київ
Ім’я/ наймення видавництва, розповсюджувача і т.п. (П) Дніпро
Дата публікації, розповсюдження і т.п. (П) 1971
300 ## - Фізичний опис
Обсяг 600 с.
520 ## - Резюме і т.п.
Резюме, реферат, анотація, тощо (НП) Варвара Чередниченко прийшла в літературу на початку 20-х років, опублікувавши низку творів для дітей та молоді. Розквіт творчості письменниці припадає на 30-40-і роки, коли вона створила цикл історико-біографічних оповідань і повістей.<br/>У цій книжці вміщено твори про Архипа Тесленка, Пушкіна і Міцкевича, Шопена і Жорж Занд, а також історичний роман-хроніку "Фастів".
650 ## - Додаткове предметне введення – тематичний термін
Тематичний термін чи географічна назва, як елемент введення (НП) 82 Література. Літературознавство
9 (RLIN) 15
942 ## - Додаткові елементи входу (Коха)
Тип елемента Koha Книги
Source of classification or shelving scheme Universal Decimal Classification
955 ## - Код типу видання за змістом
Код типу видання за змістом (НП) Літературно-художні видання
Фонди
Стан вилучень Стан втрат Джерело класифікації або схеми стелажів Стан уражень Не для кредиту Код колекції Постійне місце розташування Поточне розміщення Дата придбання Джерело придбання Вартість, звичайна ціна покупки Інвентарний номер Усього замовленно Повний номер виклику Штрих-код Дата останнього перегляду Вартість, ціна заміни Ціна ефективна від Тип елемента Koha
    Universal Decimal Classification     Колекція Шевчука Валерія АБ - Абонемент НБ АБ - Абонемент НБ 04/03/2026 Акт №09/04.03.2026 25.00 169556   821.161.2 Ч-46 169556 13/03/2026 25.00 13/03/2026 Книги